Psychologie ve školní praxi příručka pro učitele

Enregistré dans:
Détails bibliographiques
Auteur principal: Fontana, David
Autres auteurs: Balcar, Karel
Format: Livre
Langue:tchèque
Publié: Praha Portál 2003
Édition:2. vyd.
Sujets:
Tags: Ajouter un tag
Pas de tags, Soyez le premier à ajouter un tag!

MARC

LEADER 00000nam$a2200000$$$4500
001 0100744
005 20240226134306.1
020 |a 80-7178-626-8 
041 0 |a cze 
044 |a CZ 
245 1 0 |a Psychologie ve školní praxi  |b příručka pro učitele  |c David Fontana ; přeložil: Karel Balcar 
250 |a 2. vyd. 
264 1 |a Praha  |b Portál  |c 2003 
300 |a 383 s. 
610 2 0 |a školy 
610 2 0 |a učitelia 
610 2 0 |a psychológia pedagogická 
610 2 0 |a výchova 
610 2 0 |a študenti 
610 2 0 |a vzdelávanie 
100 1 |a Fontana, David 
700 1 |a Balcar, Karel